|
|
|
|
| LEADER |
00000nab a2200000ua 4500 |
| 001 |
vtls010759993 |
| 003 |
SK-MaSNL |
| 005 |
20260304201836.0 |
| 008 |
250718s1968 xo |||||||||||||||||slo| |
| 035 |
|
|
|a (urnnbn)urn:nbn:sk:snk:ar-a003vy
|
| 035 |
|
|
|a (uuid)e52fec5b-6a1d-456d-99aa-8a49b9df9a4c
|
| 035 |
|
|
|a urn:nbn:sk:snk-ab508y
|
| 040 |
|
|
|a SNKBUCL
|b slo
|c SNKBUCL
|e AACR2
|
| 041 |
0 |
|
|a slo
|
| 044 |
|
|
|a xo
|c SK
|
| 100 |
1 |
|
|a Kresák, Milan,
|d 1920-2007
|4 aut
|9 198076
|
| 245 |
1 |
0 |
|a NOVÝ TYP KLIETKY na zasielanie včelích matiek
|c Milan Kresák
|
| 773 |
0 |
|
|t Včelár : odborný časopis Povereníctva poľnohospodárstva a lesného hospodárstva a Ústredia včelárskych združení na Slovensku
|g Roč. 42, č. 5 (1968), s. 99
|
| 850 |
|
|
|a Slovenská národná knižnica
|
| 852 |
|
|
|a Slovenská národná knižnica
|
| 954 |
|
|
|a odborná, vedecká literatúra pôvodná (slovenská)
|2 lita
|
| 958 |
|
|
|a article3
|
| 958 |
|
|
|a OND
|
| 958 |
|
|
|a EUIPO
|
| 999 |
|
|
|c 3098511
|d 3100441
|